UM Logo

Science of the scene : (Record no. 24136)

MARC details
000 -LEADER
fixed length control field 00704nam a22001937a 4500
005 - DATE AND TIME OF LATEST TRANSACTION
control field 20251105160024.0
008 - FIXED-LENGTH DATA ELEMENTS--GENERAL INFORMATION
fixed length control field 251104b |||||||| |||| 00| 0 eng d
020 ## - INTERNATIONAL STANDARD BOOK NUMBER
International Standard Book Number 9786214184170
082 ## - DEWEY DECIMAL CLASSIFICATION NUMBER
Classification number DFil 363.252 T122 2025
100 ## - MAIN ENTRY--PERSONAL NAME
Personal name Taduran, Richard Jonathan O.
9 (RLIN) 62576
245 ## - TITLE STATEMENT
Title Science of the scene :
Remainder of title principles and techniques in crime scene investigation /
Statement of responsibility, etc. Richard Jonathan O. Taduran.
250 ## - EDITION STATEMENT
Edition statement Second edition.
260 ## - PUBLICATION, DISTRIBUTION, ETC. (IMPRINT)
Place of publication, distribution, etc. Quezon City :
Name of publisher, distributor, etc. Wiseman's Books Trading, Inc.,
Date of publication, distribution, etc. ©2025.
300 ## - PHYSICAL DESCRIPTION
Extent xix, 358 pages :
Other physical details illustrations ;
Dimensions 22 cm.
500 ## - GENERAL NOTE
General note Includes references.
650 #0 - SUBJECT ADDED ENTRY--TOPICAL TERM
Topical term or geographic name as entry element Criminal investigation.
9 (RLIN) 69231
650 #0 - SUBJECT ADDED ENTRY--TOPICAL TERM
Topical term or geographic name as entry element Crime scene searches.
9 (RLIN) 69233
942 ## - ADDED ENTRY ELEMENTS (KOHA)
Source of classification or shelving scheme Dewey Decimal Classification
Koha item type Filipiniana
Holdings
Withdrawn status Lost status Source of classification or shelving scheme Damaged status Not for loan Collection code Home library Current library Date acquired Source of acquisition Cost, normal purchase price Total Checkouts Full call number Barcode Date last seen Price effective from Koha item type
    Dewey Decimal Classification     Filipiniana UM Digos College - LIC UM Digos College - LIC 08/11/2025 Purchased 695.00   DFil 363.252 T122 2025 29132 11/04/2025 11/04/2025 Filipiniana